Nová ekonomika a následné zmeny v rozvoji vzdelávacieho procesu
Charakteristika úloh vyplývajúcich z odkazu OECD ako povinnosť neustále zdokonaľovať vzdelávací proces. Tvorba nových pravidiel v ekonomike - nová ekonomika. Nové požiadavky na jedinca a život. Zmeny vo vzdelávacom systéme. Nové požiadavky akademického sveta a praxe. Zmena charakteru výučbového proc...
Salvato in:
| Autore principale: | |
|---|---|
| Natura: | Capitolo di libro |
| Lingua: | slovacco |
| Soggetti: | |
| Tags: |
Nessun Tag, puoi essere il primo ad aggiungerne!!
|
MARC
| LEADER | 00000naa$a2200000$$$4500 | ||
|---|---|---|---|
| 001 | 0009632 | ||
| 005 | 20221104094540.3 | ||
| 041 | 0 | |a slo | |
| 044 | |a SK | ||
| 245 | 1 | 0 | |a Nová ekonomika a následné zmeny v rozvoji vzdelávacieho procesu |c aut. Helena Strážovská |
| 520 | |a Charakteristika úloh vyplývajúcich z odkazu OECD ako povinnosť neustále zdokonaľovať vzdelávací proces. Tvorba nových pravidiel v ekonomike - nová ekonomika. Nové požiadavky na jedinca a život. Zmeny vo vzdelávacom systéme. Nové požiadavky akademického sveta a praxe. Zmena charakteru výučbového procesu najmä prednášok na EU v nových súvislostiach. | ||
| 610 | 2 | 0 | |a ekonomika nová |
| 610 | 2 | 0 | |a výučba vedecká |
| 610 | 2 | 0 | |a vzdelávanie |
| 610 | 2 | 0 | |a teória a prax |
| 610 | 2 | 0 | |a školy vysoké |
| 100 | 1 | |a Strážovská, Helena | |